|
|
|
|
| LEADER |
03433nam a22004095i 4500 |
| 001 |
978-3-211-76310-0 |
| 003 |
DE-He213 |
| 005 |
20151125141129.0 |
| 007 |
cr nn 008mamaa |
| 008 |
100301s2008 au | s |||| 0|eng d |
| 020 |
|
|
|a 9783211763100
|9 978-3-211-76310-0
|
| 024 |
7 |
|
|a 10.1007/978-3-211-76310-0
|2 doi
|
| 040 |
|
|
|d GrThAP
|
| 050 |
|
4 |
|a QH573-671
|
| 072 |
|
7 |
|a PSF
|2 bicssc
|
| 072 |
|
7 |
|a SCI049000
|2 bisacsh
|
| 082 |
0 |
4 |
|a 571.6
|2 23
|
| 245 |
1 |
4 |
|a The Golgi Apparatus
|h [electronic resource] :
|b State of the art 110 years after Camillo Golgi’s discovery /
|c edited by Alexander A. Mironov, Margit Pavelka.
|
| 264 |
|
1 |
|a Vienna :
|b Springer Vienna,
|c 2008.
|
| 300 |
|
|
|a VIII, 716 p.
|b online resource.
|
| 336 |
|
|
|a text
|b txt
|2 rdacontent
|
| 337 |
|
|
|a computer
|b c
|2 rdamedia
|
| 338 |
|
|
|a online resource
|b cr
|2 rdacarrier
|
| 347 |
|
|
|a text file
|b PDF
|2 rda
|
| 505 |
0 |
|
|a General considerations -- The Golgi apparatus and main discoveries in the field of intracellular transport -- The Golgi apparatus as a crossroads in intracellular traffic -- Main machineries operating at the Golgi apparatus -- SNAREs -- Rabs -- COPII -- COPI: mechanisms and transport roles -- Arfs and Arls: models for Arf family members in membrane traffic at the Golgi -- COG complex -- The TRAPP complex -- The role of Ca2 in the regulation of intracellular transport -- Golgi glycosylation enzymes -- Nucleotide sugar transporters of the Golgi apparatus -- Luminal lectins -- The Golgi ribbon and the function of the Golgins -- Functional cross talk between membrane trafficking and cell signalling -- The role of the cytoskeleton in the structure and function of the Golgi apparatus -- The dynamin-cortactin complex as a mediator of vesicle formation at the trans-Golgi network -- The geometry of organelles of the secretory pathway -- Main transport steps -- ER-to-Golgi transport -- Intra-Golgi transport -- Structure and domain organization of the trans- Golgi network -- Golgi-to-PM transport -- Protein transport from the trans-Golgi network to endosomes -- The transport of soluble lysosomal hydrolases from the Golgi complex to lysosomes -- Transport of lysosomal membrane proteins from the Golgi complex to lysosomes -- Retrograde endosome-to-TGN transport -- Retrograde plasma membrane-to-Golgi apparatus transport -- Interactions between endocytosis and secretory transport -- Origins of the regulated secretory pathway -- Secretion and endocytosis in endothelial cells -- Formation of mucin granules -- Golgi apparatus and epithelial cell polarity -- Golgi apparatus inheritance -- Peculiarities of intracellular transport in different organisms -- Features of the plant Golgi apparatus -- Yeast Golgi apparatus -- Morphodynamics of the yeast Golgi apparatus -- Structure and function of the Golgi organelle in parasitic protists -- Evolution of the Golgi complex -- General conclusions -- Concluding remarks, questions, and perspectives.
|
| 650 |
|
0 |
|a Life sciences.
|
| 650 |
|
0 |
|a Cell biology.
|
| 650 |
1 |
4 |
|a Life Sciences.
|
| 650 |
2 |
4 |
|a Cell Biology.
|
| 700 |
1 |
|
|a Mironov, Alexander A.
|e editor.
|
| 700 |
1 |
|
|a Pavelka, Margit.
|e editor.
|
| 710 |
2 |
|
|a SpringerLink (Online service)
|
| 773 |
0 |
|
|t Springer eBooks
|
| 776 |
0 |
8 |
|i Printed edition:
|z 9783211763094
|
| 856 |
4 |
0 |
|u http://dx.doi.org/10.1007/978-3-211-76310-0
|z Full Text via HEAL-Link
|
| 912 |
|
|
|a ZDB-2-SBL
|
| 950 |
|
|
|a Biomedical and Life Sciences (Springer-11642)
|